|
|
|
|
| LEADER |
02740nam a2200421 u 4500 |
| 001 |
10021083 |
| 003 |
upatras |
| 005 |
20250320091651.0 |
| 008 |
990330s1995 gr 1 gre d |
| 020 |
|
|
|a 9603440884
|
| 040 |
|
|
|a GR-PaULI
|b gre
|c GR-PaULI
|e AACR2
|
| 041 |
0 |
|
|a gre
|
| 082 |
0 |
4 |
|2 23
|a 158.3
|
| 100 |
1 |
|
|a Dattilio, Frank M.
|e συγγραφέας
|9 145430
|
| 245 |
1 |
0 |
|a Συμβουλευτική ζευγαριών :
|b γνωσιακή-συμπεριφοριστική προσέγγιση /
|c Frank M. Dattilio and Christine A. Padesky ; μετάφραση Ντιάνα Χαρίλα
|c ; επιμέλεια Αναστασία Καλαντζή-Αζίζι.
|
| 260 |
|
|
|a Αθήνα :
|b Ελληνικά Γράμματα,
|c 1995.
|
| 300 |
|
|
|a 189 σ. :
|b πίν. ;
|c 23 εκ.
|
| 490 |
1 |
|
|a Συμβουλευτική ψυχολογία ;
|v 5
|
| 500 |
|
|
|a Τίτλος πρωτοτύπου: Cognitive therapy with couples.
|
| 504 |
|
|
|a Περιλαμβάνει βιβλιογραφικές παραπομπές και ευρετήριο θεμάτων.
|
| 650 |
|
4 |
|a Συμβουλευτική ψυχολογία
|9 1026
|
| 650 |
|
4 |
|9 30673
|a Γνωστική ψυχολογία
|x
|
| 700 |
1 |
|
|a Padesky, C. A.
|q (Christine A.)
|e συγγραφέας
|9 199095
|
| 700 |
1 |
|
|a Καλαντζή-Αζίζι, Αναστασία
|e επιμελήτρια
|9 12168
|
| 700 |
1 |
|
|a Χαρίλα, Ντιάνα
|e μεταφράστρια
|9 145431
|
| 765 |
|
|
|i Μετάφραση του :
|t Cognitive therapy with couples.
|
| 830 |
|
0 |
|a Συμβουλευτική ψυχολογία (Ελληνικά Γράμματα)
|v 5
|9 166055
|
| 852 |
|
|
|a GR-PaULI
|b ΠΑΤΡΑ
|b ΒΚΠ
|b ΒΣ1
|k ΑΣΧΕ
|h 158.3 D
|m 042034
|p 025000025586
|t 1
|
| 852 |
|
|
|a GR-PaULI
|b ΠΑΤΡΑ
|b ΠΤΔΕ
|k ΑΣΧΕ
|h 158.24 DAT
|m 5584α
|p 025000025585
|t 2
|
| 852 |
|
|
|a GR-PaULI
|b ΠΑΤΡΑ
|b ΠΤΔΕ
|k ΑΣΧΕ
|h 158.24 DAT
|m 5584γ
|p 025000058421
|t 3
|
| 852 |
|
|
|a GR-PaULI
|b ΠΑΤΡΑ
|b ΠΤΔΕ
|k ΑΣΧΕ
|h 158.24 DAT
|m 5584β
|p 025000035017
|t 4
|
| 942 |
|
|
|2 ddc
|c BK15
|
| 952 |
|
|
|0 0
|1 0
|4 0
|6 158_300000000000000_D
|7 0
|9 182228
|a LISP
|b LISP
|c BSC
|d 2016-04-24
|i 042034
|l 0
|o 158.3 D
|p 025000025586
|r 2016-04-24 00:00:00
|t 1
|w 2016-04-24
|y BK15
|
| 952 |
|
|
|0 0
|1 0
|2 ddc
|4 0
|6 158_300000000000000_DAT
|7 0
|9 182229
|a PTDE
|b PTDE
|d 2016-04-24
|i 5584α
|l 0
|o 158.3 DAT
|p 025000025585
|r 2016-04-24 00:00:00
|t 2
|w 2016-04-24
|y BK15
|
| 952 |
|
|
|0 0
|1 0
|2 ddc
|4 0
|6 158_300000000000000_DAT
|7 0
|9 182230
|a PTDE
|b PTDE
|d 2016-04-24
|i 5584γ
|l 0
|o 158.3 DAT
|p 025000058421
|r 2016-04-24 00:00:00
|t 3
|w 2016-04-24
|y BK15
|
| 952 |
|
|
|0 0
|1 0
|2 ddc
|4 0
|6 158_300000000000000_DAT
|7 0
|9 182231
|a PTDE
|b PTDE
|d 2016-04-24
|i 5584β
|l 0
|o 158.3 DAT
|p 025000035017
|r 2016-04-24 00:00:00
|t 4
|w 2016-04-24
|y BK15
|
| 998 |
|
|
|c ΜΑΝΙΑΚΗ
|d 1999-03
|
| 999 |
|
|
|c 112516
|d 112516
|